|
|
|
|
| LEADER |
00000nam2a2200000 4500 |
| 001 |
350941 |
| 005 |
20231102010344.0 |
| 035 |
|
|
|a (RuTPU)RU\TPU\retro\5321
|
| 035 |
|
|
|a RU\TPU\retro\5285
|
| 090 |
|
|
|a 350941
|
| 100 |
|
|
|a 20190314d1970 k y0rusy50 ca
|
| 101 |
0 |
|
|a rus
|
| 102 |
|
|
|a RU
|
| 105 |
|
|
|a a z 001zy
|
| 200 |
0 |
|
|a Вып. 17 : Исследование физико-химических соединений редких тугоплавких элементов (Ti, V, Nb, Ta, Hf, Mo, Be)
|f отв. ред. С. П. Яценко
|
| 210 |
|
|
|d 1970
|
| 215 |
|
|
|a 206 с.
|c ил.
|
| 320 |
|
|
|a Библиогр. в конце ст.
|
| 461 |
|
1 |
|0 (RuTPU)RU\TPU\retro\5248
|t Труды Института химии
|o [сборник трудов]
|f Академия наук СССР (АН СССР), Уральский филиал (УФ), Институт химии
|v Вып. 17 : Исследование физико-химических соединений редких тугоплавких элементов (Ti, V, Nb, Ta, Hf, Mo, Be)
|d 1958-
|
| 606 |
1 |
|
|a Редкие элементы
|x Химический анализ
|2 stltpush
|3 (RuTPU)RU\TPU\subj\74976
|9 86883
|
| 610 |
1 |
|
|a бинарные системы
|
| 610 |
1 |
|
|a микроскопические исследования
|
| 610 |
1 |
|
|a рентгенографические исследования
|
| 610 |
1 |
|
|a осаждение
|
| 675 |
|
|
|a 546.2/.9-022.251
|v 4
|
| 702 |
|
1 |
|a Яценко
|b С. П.
|4 340
|
| 801 |
|
1 |
|a RU
|b 63413507
|c 20190314
|
| 801 |
|
2 |
|a RU
|b 63413507
|c 20190315
|g RCR
|
| 942 |
|
|
|c BK
|